000 00377nam a2200157Ia 4500
008 230917s9999||||xx |||||||||||||| ||und||
040 _e80133
_aMAIN
041 _aEnglish
082 _a345.06 A92L9(2)
100 _aAvtar Singh
245 0 _aLaw of evidence
250 _a2nd ed.
260 _aAllahabad
_bCentral Law Agency
_c1980
300 _axvi, 372 p.
942 _cBK
999 _c202904
_d202904